All Taylor Swift's albums - Statistics

General Stats
  • This quiz has been taken 99 times
  • The average score is 10 of 10
Answer Stats
Answer % Correct
Reputation
100%
1989
99%
Speak Now
99%
Taylor Swift
99%
Evermore
98%
Folklore
98%
Lover
98%
Midnights
98%
Red (Taylor's Version)
98%
Fearless (Taylor's Version)
97%
No matching quizzes found
Score Distribution
Percent of People with Each Score
Percentile by Number Answered
Your Score History
You have not taken this quiz